[Event "SVK-chT2D 1920"]
[Site "Slovakia"]
[Date "2020.03.07"]
[Round "10.5"]
[White "Tobias, Gyozo"]
[Black "Belus, Benjamin"]
[Result "1-0"]
[WhiteElo "1885"]
[BlackElo "1931"]
[PlyCount "116"]
[EventDate "2019.10.26"]
[EventType "team-tourn"]
[EventRounds "11"]
[EventCountry "SVK"]
[SourceTitle "EXT 2022"]
[Source "ChessBase"]
[SourceDate "2021.10.06"]
[SourceVersion "1"]
[SourceVersionDate "2021.10.06"]
[SourceQuality "1"]
[WhiteTeam "Velke Kapusany"]
[BlackTeam "Kezmarok"]
[WhiteTeamCountry "SVK"]
[BlackTeamCountry "SVK"]

1. d4 d5 2. c4 e6 3. Nc3 Nf6 4. e3 Be7 5. Nf3 0-0 6. Bd3 b6 7. 0-0 Bb7 8. Bd2 Nbd7 9. cxd5 Nxd5 10. Rc1 c5 11. Nxd5 Bxd5 12. dxc5 Nxc5 13. Bb1 Bxf3 14. gxf3 Bd6 15. f4 e5 16. fxe5 Qg5+ 17. Kh1 Qxe5 18. f4 Qd5+ 19. Kg1 f5 20. Bc3 Qe6 21. Qd4 Rf6 22. Rcd1 Rd8 23. Qd5 Rg6+ 24. Kh1 Rf8 25. Bc2 Kh8 26. Qxe6 Rxe6 27. Rg1 Rf7 28. Be5 Bf8 29. b4 Ne4 30. Rd8 Nf2+ 31. Kg2 Ng4 32. Bb3 Ree7 33. Bxf7 Rxf7 34. Bd4 h6 35. h3 Nf6 36. Kf3 Kh7 37. Bxf6 Rxf6 38. a3 a5 39. bxa5 bxa5 40. a4 Be7 41. Rd7 Re6 42. Ra7 Rxe3+ 43. Kxe3 Bc5+ 44. Kf3 Bxa7 45. Rb1 Bd4 46. Rb5 Bc3 47. Rxf5 Kg6 48. Rd5 Kf6 49. Kg4 g6 50. Rd6+ Kg7 51. Rc6 Bd2 52. Kf3 Kf7 53. Ke4 Kg7 54. f5 gxf5+ 55. Kxf5 Kh7 56. Rc7+ Kg8 57. Kg6 Kf8 58. Rh7 Kg8 1-0

[Event "SVK-chT2D 1920"]
[Site "Slovakia"]
[Date "2020.02.16"]
[Round "9.6"]
[White "Lihosith, Peter"]
[Black "Tobias, Gyozo"]
[Result "1/2-1/2"]
[WhiteElo "1895"]
[BlackElo "1885"]
[PlyCount "162"]
[EventDate "2019.10.26"]
[EventType "team-tourn"]
[EventRounds "11"]
[EventCountry "SVK"]
[SourceTitle "CBM 195 Extra"]
[Source "ChessBase"]
[SourceDate "2020.05.31"]
[SourceVersion "1"]
[SourceVersionDate "2020.05.31"]
[SourceQuality "1"]
[WhiteTeam "Bardejov BSK II"]
[BlackTeam "Velke Kapusany"]
[WhiteTeamCountry "SVK"]
[BlackTeamCountry "SVK"]

1. e4 c5 2. Nc3 d6 3. g3 g6 4. Bg2 Bg7 5. Nge2 Nc6 6. h3 Nf6 7. d3 0-0 8. 0-0 Bd7 9. Be3 a6 10. a4 Rb8 11. d4 cxd4 12. Nxd4 Ne5 13. b3 Qc8 14. Nd5 Nxd5 15. exd5 Bxh3 16. c4 Bxg2 17. Kxg2 Ng4 18. Bg5 Re8 19. Ra2 Nf6 20. Re2 e5 21. dxe6 fxe6 22. f4 Qd7 23. Rfe1 e5 24. fxe5 dxe5 25. Rxe5 Rxe5 26. Rxe5 Rd8 27. Bxf6 Bxf6 28. Rd5 Qe7 29. Nf3 Re8 30. Qd3 Qe2+ 31. Kh3 Qxd3 32. Rxd3 Re7 33. Kg2 Kf7 34. Kf2 Ke6 35. g4 Rf7 36. Rd5 Rd7 37. g5 Bg7 38. Rxd7 Kxd7 39. Ke3 Kd6 40. b4 Bc3 41. b5 Kc5 42. Kd3 Bg7 43. Nd2 Kb4 44. Ne4 Kxa4 45. Nc5+ Kb4 46. Nxa6+ Ka5 47. Nc5 b6 48. Ne6 Be5 49. Nf8 Bf4 50. Nxh7 Kb4 51. Kd4 Bc1 52. Kd5 Be3 53. Nf8 Bxg5 54. Nxg6 Be3 55. Ne5 Bg1 56. Nd7 Bf2 57. Nb8 Be3 58. Na6+ Ka5 59. Kc6 Bg1 60. Nc7 Bf2 61. Nd5 Bg1 62. Nf4 Kb4 63. Kd5 Be3 64. Nd3+ Ka5 65. Kc6 Bg1 66. c5 Be3 67. Ne5 Bxc5 68. Nc4+ Kb4 69. Nxb6 Bf2 70. Nd5+ Ka5 71. Nf4 Ba7 72. Nd3 Bb6 73. Nc5 Ba7 74. Na6 Bb6 75. Nb8 Bf2 76. Nd7 Ba7 77. Ne5 Bd4 78. Nd3 Ba7 79. Nc5 Kb4 80. Nd7 Ka5 81. Nc5 Kb4 1/2-1/2

[Event "SVK-chT2D 1920"]
[Site "Slovakia"]
[Date "2019.12.15"]
[Round "6.6"]
[White "Tobias, Gyozo"]
[Black "Hotak, Marian"]
[Result "0-1"]
[WhiteElo "1891"]
[BlackElo "2051"]
[PlyCount "88"]
[EventDate "2019.10.26"]
[EventType "team-tourn"]
[EventRounds "11"]
[EventCountry "SVK"]
[SourceTitle "CBM 194 Extra"]
[Source "ChessBase"]
[SourceDate "2020.03.31"]
[SourceVersion "1"]
[SourceVersionDate "2020.03.31"]
[SourceQuality "1"]
[WhiteTeam "Velke Kapusany"]
[BlackTeam "Kosice Slavia UPJS III"]
[WhiteTeamCountry "SVK"]
[BlackTeamCountry "SVK"]

1. d4 Nf6 2. c4 g6 3. Nc3 Bg7 4. g3 0-0 5. Bg2 c5 6. d5 d6 7. Nf3 e6 8. Bg5 h6 9. Bf4 e5 10. Be3 Ng4 11. Bc1 f5 12. e4 b5 13. exf5 gxf5 14. h3 b4 15. Ne2 Nf6 16. 0-0 Nbd7 17. a3 Rb8 18. axb4 Rxb4 19. Rxa7 Rxc4 20. Qd3 Nb6 21. Nh4 e4 22. Qd1 Nfxd5 23. b3 Rb4 24. Nf4 Rd4 25. Qh5 Qe8 26. Nfg6 Nf6 27. Qe2 Rf7 28. Ra5 Nbd5 29. Bd2 Kh7 30. Rfa1 Ne7 31. Nf4 Nc6 32. Ra8 Qd7 33. Bc3 Bb7 34. R8a3 Nd5 35. Bxd4 Nxf4 36. gxf4 Nxd4 37. Qh5 Nc2 38. R1a2 Nxa3 39. Rxa3 Qe6 40. Bf1 e3 41. Qe2 exf2+ 42. Kxf2 Bd4+ 43. Ke1 Qf6 44. Qh5 Bc3+ 0-1

[Event "SVK-chT2D 1920"]
[Site "Slovakia"]
[Date "2019.12.14"]
[Round "5.6"]
[White "Tobias, Gyozo"]
[Black "Csala, Jan"]
[Result "0-1"]
[WhiteElo "1891"]
[BlackElo "2087"]
[PlyCount "44"]
[EventDate "2019.10.26"]
[EventType "team-tourn"]
[EventRounds "11"]
[EventCountry "SVK"]
[SourceTitle "CBM 194 Extra"]
[Source "ChessBase"]
[SourceDate "2020.03.31"]
[SourceVersion "1"]
[SourceVersionDate "2020.03.31"]
[SourceQuality "1"]
[WhiteTeam "Velke Kapusany"]
[BlackTeam "Moldava nad Bodvou"]
[WhiteTeamCountry "SVK"]
[BlackTeamCountry "SVK"]

1. d4 Nf6 2. c4 g6 3. Nc3 Bg7 4. Nf3 d6 5. e3 0-0 6. Bd3 Nc6 7. 0-0 e5 8. dxe5 dxe5 9. a3 Bg4 10. Be2 Qc8 11. h3 Bf5 12. b4 Rd8 13. Qb3 e4 14. Nh2 Ne5 15. Bb2 Bxh3 16. gxh3 Qxh3 17. f3 exf3 18. Rxf3 Nxf3+ 19. Nxf3 Ng4 20. Ne4 Re8 21. Nfg5 Qh2+ 22. Kf1 Qh1# 0-1

[Event "SVK-chT2D 1920"]
[Site "Slovakia"]
[Date "2019.11.17"]
[Round "4.5"]
[White "Tobias, Gyozo"]
[Black "Petko, Peter"]
[Result "1/2-1/2"]
[WhiteElo "1902"]
[BlackElo "1811"]
[PlyCount "30"]
[EventDate "2019.10.26"]
[EventType "team-tourn"]
[EventRounds "11"]
[EventCountry "SVK"]
[SourceTitle "CBM 193 Extra"]
[Source "ChessBase"]
[SourceDate "2020.01.31"]
[SourceVersion "1"]
[SourceVersionDate "2020.01.31"]
[SourceQuality "1"]
[WhiteTeam "Velke Kapusany"]
[BlackTeam "Gelnica Slovan"]
[WhiteTeamCountry "SVK"]
[BlackTeamCountry "SVK"]

1. e4 e5 2. Nc3 Nc6 3. Nf3 Nf6 4. Bc4 Bc5 5. 0-0 d6 6. h3 0-0 7. d3 h6 8. Bd2 Ne7 9. a3 Ng6 10. Na4 Bb6 11. Nxb6 axb6 12. Nh2 Qe7 13. Qf3 Be6 14. Bxe6 Qxe6 15. g4 Nh7 1/2-1/2

[Event "SVK-chT2D 1920"]
[Site "Slovakia"]
[Date "2019.10.26"]
[Round "1.6"]
[White "Adam, Dusan"]
[Black "Tobias, Gyozo"]
[Result "1-0"]
[WhiteElo "1892"]
[BlackElo "1904"]
[PlyCount "125"]
[EventDate "2019.10.26"]
[EventType "team-tourn"]
[EventRounds "11"]
[EventCountry "SVK"]
[SourceTitle "CBM 193 Extra"]
[Source "ChessBase"]
[SourceDate "2020.01.31"]
[SourceVersion "1"]
[SourceVersionDate "2020.01.31"]
[SourceQuality "1"]
[WhiteTeam "Presov Slavia PU"]
[BlackTeam "Velke Kapusany"]
[WhiteTeamCountry "SVK"]
[BlackTeamCountry "SVK"]

1. Nf3 d5 2. d4 Nf6 3. Bf4 e6 4. e3 c5 5. c3 Nc6 6. Bd3 Be7 7. h3 Bd7 8. Nbd2 0-0 9. 0-0 Rc8 10. Qe2 Qb6 11. Rab1 Qa5 12. a3 c4 13. Bc2 b5 14. Ne5 Be8 15. e4 Qd8 16. Nxc6 Bxc6 17. e5 Ne8 18. Qh5 g6 19. Qh6 f5 20. Nf3 Rf7 21. Ng5 Bxg5 22. Bxg5 Qc7 23. g4 Rg7 24. Rbe1 Qf7 25. f4 Kh8 26. Rf3 Bd7 27. Rfe3 Rc6 28. R1e2 a5 29. h4 Rg8 30. Rh2 Qg7 31. Rg3 Qxh6 32. Bxh6 fxg4 33. Rxg4 Ng7 34. Rg5 Nh5 35. Rf2 Be8 36. Bd1 Ng7 37. Bg4 Bf7 38. Rg2 Rc7 39. h5 gxh5 40. Bxg7+ Rxg7 41. Rxg7 Kxg7 42. Bxe6+ Kf8 43. Bh3 b4 44. axb4 axb4 45. e6 Be8 46. f5 bxc3 47. bxc3 Rg7 48. f6 Rg6 49. f7 Bc6 50. Kf2 Ke7 51. Kf3 Rf6+ 52. Ke3 Ba4 53. Rf2 Rxf2 54. Kxf2 Bd1 55. Kg3 Bc2 56. Kf4 Be4 57. Kg5 Bf3 58. Bf5 Be2 59. Bxh7 Bg4 60. Bf5 Bf3 61. Bg6 Bg4 62. Bf5 Be2 63. Kg6 1-0

[Event "SVK-chT2D 1718"]
[Site "Slovakia"]
[Date "2018.02.04"]
[Round "7.7"]
[White "Tobias, Gyozo"]
[Black "Nandrazi, Artur"]
[Result "1/2-1/2"]
[WhiteElo "1928"]
[BlackElo "1758"]
[PlyCount "70"]
[EventDate "2017.10.28"]
[EventType "team-tourn"]
[EventRounds "11"]
[EventCountry "SVK"]
[SourceTitle "EXT 2019"]
[Source "ChessBase"]
[SourceDate "2018.10.10"]
[SourceVersion "1"]
[SourceVersionDate "2018.10.10"]
[SourceQuality "1"]
[WhiteTeam "Velke Kapusany"]
[BlackTeam "Presov Slavia"]
[WhiteTeamCountry "SVK"]
[BlackTeamCountry "SVK"]

1. e4 c5 2. Bc4 e6 3. Nc3 Nc6 4. Nf3 a6 5. a4 Qc7 6. 0-0 g6 7. d4 cxd4 8. Nxd4 Bg7 9. Nxc6 bxc6 10. Qd3 a5 11. Re1 Ne7 12. Bg5 h6 13. Bh4 Be5 14. Bg3 Bxg3 15. hxg3 Qe5 16. Rad1 Rb8 17. b3 Ra8 18. Kh2 g5 19. Qd4 Ng6 20. Be2 h5 21. Rh1 Qxd4 22. Rxd4 Ba6 23. Rhd1 Bxe2 24. Nxe2 d5 25. exd5 cxd5 26. c4 Ne7 27. cxd5 Nxd5 28. Rc4 0-0 29. Nc3 Nxc3 30. Rxc3 Rfc8 31. Rdc1 Rxc3 32. Rxc3 f5 33. Kh3 Kf7 34. f4 g4+ 35. Kh2 Ra7 1/2-1/2

[Event "SVK-chT2D 1516"]
[Site "Slovakia"]
[Date "2016.03.13"]
[Round "11.6"]
[White "Banas, Matus"]
[Black "Tobias, Gyozo"]
[Result "1/2-1/2"]
[WhiteElo "1720"]
[BlackElo "1944"]
[PlyCount "72"]
[EventDate "2015.10.17"]
[EventType "team-tourn"]
[EventRounds "11"]
[EventCountry "SVK"]
[SourceTitle "EXT 2017"]
[Source "ChessBase"]
[SourceDate "2016.10.25"]
[SourceVersion "1"]
[SourceVersionDate "2016.10.25"]
[SourceQuality "1"]
[WhiteTeam "Presov Tatran"]
[BlackTeam "Velke Kapusany"]
[WhiteTeamCountry "SVK"]
[BlackTeamCountry "SVK"]

1. d4 d5 2. Nf3 Nf6 3. Bf4 e6 4. e3 c5 5. c4 Nc6 6. Nc3 dxc4 7. dxc5 Bxc5 8. Qxd8+ Nxd8 9. Bxc4 a6 10. 0-0 b5 11. Be2 Bb7 12. Rac1 Rc8 13. a3 0-0 14. Rfd1 Be7 15. Bd6 Nc6 16. Bxe7 Nxe7 17. Ne5 Ned5 18. Nxd5 Bxd5 19. Bf3 g6 20. Bxd5 Nxd5 21. h3 Kg7 22. Nd7 Rfd8 23. Nc5 Nc7 24. Rxd8 Rxd8 25. Nb7 Rd7 26. Rc6 Nd5 27. Nc5 Rc7 28. Rxc7 Nxc7 29. b4 Kf6 30. Kf1 Ke5 31. Ke2 Kd5 32. Kd3 e5 33. Nd7 h6 34. e4+ Kd6 35. Nc5 Kc6 36. Kc3 Kd6 1/2-1/2

[Event "SVK-chT2D 1516"]
[Site "Slovakia"]
[Date "2016.02.13"]
[Round "8.6"]
[White "Valentik, Roman"]
[Black "Tobias, Gyozo"]
[Result "1/2-1/2"]
[WhiteElo "1867"]
[BlackElo "1944"]
[PlyCount "68"]
[EventDate "2015.10.17"]
[EventType "team-tourn"]
[EventRounds "11"]
[EventCountry "SVK"]
[SourceTitle "EXT 2017"]
[Source "ChessBase"]
[SourceDate "2016.10.25"]
[SourceVersion "1"]
[SourceVersionDate "2016.10.25"]
[SourceQuality "1"]
[WhiteTeam "Kosice 1 CC"]
[BlackTeam "Velke Kapusany"]
[WhiteTeamCountry "SVK"]
[BlackTeamCountry "SVK"]

1. Nf3 d5 2. e3 Nf6 3. b3 e6 4. Bb2 Be7 5. Nc3 0-0 6. Ne2 Nbd7 7. Ng3 b6 8. Bd3 Bb7 9. 0-0 Rc8 10. Ne5 c5 11. Nxd7 Qxd7 12. Nh5 d4 13. e4 Nxh5 14. Qxh5 f5 15. Rae1 Qc6 16. f3 g6 17. Qh3 Rce8 18. a4 a6 19. exf5 exf5 20. Bc4+ Kg7 21. Re6 Qd7 22. Rxb6 Bd8 23. Rxa6 Bxa6 24. Bxa6 Qd6 25. Bc4 Bg5 26. Bc1 Re7 27. g3 Rfe8 28. Bb5 Rd8 29. f4 Bf6 30. Bd3 h5 31. Qg2 Qb6 32. Ba3 Re6 33. Bc4 Re4 34. Bd3 Re3 1/2-1/2

[Event "SVK-chT2D 14/15"]
[Site "Slovakia"]
[Date "2015.03.07"]
[Round "10.6"]
[White "Fedorko, Martin"]
[Black "Tobias, Gyozo"]
[Result "1/2-1/2"]
[WhiteElo "1982"]
[BlackElo "1924"]
[PlyCount "105"]
[EventDate "2014.10.11"]
[EventType "team-tourn"]
[EventRounds "11"]
[EventCountry "SVK"]
[SourceTitle "EXT 2019"]
[Source "ChessBase"]
[SourceDate "2018.10.10"]
[SourceVersion "1"]
[SourceVersionDate "2018.10.10"]
[SourceQuality "1"]
[WhiteTeam "Kosice Slavia TU IV"]
[BlackTeam "Velke Kapusany Energetik"]
[WhiteTeamCountry "SVK"]
[BlackTeamCountry "SVK"]

1. e4 c5 2. Nf3 Nc6 3. d4 cxd4 4. Nxd4 d6 5. Nc3 g6 6. Be3 Bg7 7. Qd2 Nf6 8. f3 Nxd4 9. Bxd4 0-0 10. 0-0-0 Qa5 11. Kb1 Kh8 12. Bc4 Bd7 13. g4 Rac8 14. Bb3 h5 15. g5 Ne8 16. h4 Bc6 17. Rhf1 Nc7 18. Bxg7+ Kxg7 19. Qd4+ Kh7 20. f4 Qc5 21. f5 Qxd4 22. Rxd4 Nb5 23. Nxb5 Bxb5 24. Rf2 Rc5 25. c3 Re5 26. Bc2 Bc6 27. b3 Kg7 28. Kb2 f6 29. gxf6+ Rxf6 30. Rg2 Rexf5 31. Rxg6+ Kxg6 32. exf5+ Kh6 33. c4 Bd7 34. Re4 Rf7 35. Re2 Kg7 36. Rg2+ Kf6 37. Rg5 Ke5 38. Rxh5 Bxf5 39. Rh8 Bxc2 40. Kxc2 e6 41. h5 Kd4 42. Rd8 d5 43. cxd5 exd5 44. h6 b6 45. Rg8 Rf2+ 46. Kb1 Rh2 47. Rg7 Rxh6 48. Rxa7 Rh2 49. Rc7 b5 50. Rc1 b4 51. Rg1 Kc3 52. Rc1+ Kd3 53. Rd1+ 1/2-1/2

[Event "SVK-chT2D 14/15"]
[Site "Slovakia"]
[Date "2015.02.15"]
[Round "9.6"]
[White "Cuker, Dusan"]
[Black "Tobias, Gyozo"]
[Result "1/2-1/2"]
[WhiteElo "2111"]
[BlackElo "1924"]
[PlyCount "50"]
[EventDate "2014.10.11"]
[EventType "team-tourn"]
[EventRounds "11"]
[EventCountry "SVK"]
[SourceTitle "EXT 2019"]
[Source "ChessBase"]
[SourceDate "2018.10.10"]
[SourceVersion "1"]
[SourceVersionDate "2018.10.10"]
[SourceQuality "1"]
[WhiteTeam "Sabinov II"]
[BlackTeam "Velke Kapusany Energetik"]
[WhiteTeamCountry "SVK"]
[BlackTeamCountry "SVK"]

1. d4 d5 2. Nf3 Nf6 3. e3 e6 4. Bd3 Be7 5. Nbd2 0-0 6. 0-0 Nbd7 7. Qe2 c5 8. c3 b6 9. e4 dxe4 10. Nxe4 Bb7 11. Bf4 Nxe4 12. Bxe4 Bxe4 13. Qxe4 Nf6 14. Qe2 cxd4 15. Nxd4 Nd5 16. Bg3 Bf6 17. Nf3 Qe7 18. Rad1 Rfd8 19. Rd3 Rac8 20. Rfd1 b5 21. Be5 Bxe5 22. Qxe5 Qc7 23. Qe4 Nf6 24. Rxd8+ Rxd8 25. Rxd8+ Qxd8 1/2-1/2

[Event "SVK-chT2D 14/15"]
[Site "Slovakia"]
[Date "2014.11.08"]
[Round "3.4"]
[White "Tobias, Gyozo"]
[Black "Heinrich, Tomas"]
[Result "1-0"]
[WhiteElo "1924"]
[BlackElo "2025"]
[PlyCount "104"]
[EventDate "2014.10.11"]
[EventType "team-tourn"]
[EventRounds "11"]
[EventCountry "SVK"]
[SourceTitle "EXT 2019"]
[Source "ChessBase"]
[SourceDate "2018.10.10"]
[SourceVersion "1"]
[SourceVersionDate "2018.10.10"]
[SourceQuality "1"]
[WhiteTeam "Velke Kapusany Energetik"]
[BlackTeam "Moldava nad Bodvou"]
[WhiteTeamCountry "SVK"]
[BlackTeamCountry "SVK"]

1. d4 f5 2. Nf3 Nf6 3. e3 e6 4. c4 Be7 5. Bd3 0-0 6. Nc3 d5 7. 0-0 c6 8. a3 Ne4 9. Nd2 Nd7 10. f3 Nxd2 11. Bxd2 Nf6 12. b4 Kh8 13. Qb3 Qe8 14. c5 Qh5 15. Be2 Qg6 16. Qc2 Bd7 17. Rab1 b5 18. a4 a6 19. Ra1 Rfb8 20. Ra2 Rc8 21. Rfa1 Rab8 22. axb5 axb5 23. Ra7 Bd8 24. Be1 Bc7 25. Rxc7 Rxc7 26. Bg3 Rcc8 27. Bxb8 Rxb8 28. Ra7 Qg5 29. Qd2 h5 30. Nd1 Re8 31. f4 Qh6 32. h4 Qg6 33. Qe1 Rd8 34. Bf3 Be8 35. Nb2 Kg8 36. Nd3 Ng4 37. Bxg4 fxg4 38. Ra3 Qe4 39. Kf2 g5 40. hxg5 h4 41. Kg1 Rd7 42. Ne5 h3 43. Ra2 Ra7 44. Nxg4 Rxa2 45. Nf6+ Kg7 46. Nxe4 Rxg2+ 47. Kh1 dxe4 48. Qh4 Rb2 49. Qxh3 Bg6 50. Qxe6 Rxb4 51. Qf6+ Kh7 52. f5 Ra4 1-0

[Event "SVK-chT2D 1112"]
[Site "Slovakia"]
[Date "2012.02.26"]
[Round "11.2"]
[White "Tobias, Gyozo"]
[Black "Sromovsky, Jozef"]
[Result "0-1"]
[WhiteElo "1934"]
[BlackElo "2028"]
[PlyCount "82"]
[EventDate "2011.10.08"]
[EventType "team-tourn"]
[EventRounds "11"]
[EventCountry "SVK"]
[SourceTitle "EXT 2013"]
[Source "ChessBase"]
[SourceDate "2012.11.22"]
[SourceVersion "1"]
[SourceVersionDate "2012.11.22"]
[SourceQuality "1"]
[WhiteTeam "Velke Kapusany"]
[BlackTeam "Kezmarok KdV II"]
[WhiteTeamCountry "SVK"]
[BlackTeamCountry "SVK"]

1. d4 d5 2. c4 c6 3. Nc3 Nf6 4. e3 g6 5. Nf3 Bg7 6. Bd3 0-0 7. 0-0 Nbd7 8. cxd5 cxd5 9. Qe2 Re8 10. b3 e5 11. dxe5 Nxe5 12. Nxe5 Rxe5 13. Bb2 Rh5 14. f3 Qd6 15. g3 Bh3 16. Rfd1 Re8 17. Nb5 Qe7 18. Bd4 a6 19. Nc3 Rg5 20. Qf2 Qd6 21. Rac1 Nh5 22. Ne2 Bxd4 23. exd4 Nf6 24. Kh1 Bf5 25. Nf4 Bxd3 26. Nxd3 Rf5 27. Re1 Rxe1+ 28. Rxe1 Ne4 29. Qg2 Ng5 30. Rf1 Qb6 31. g4 Rf6 32. h4 Ne6 33. Nc5 Nxc5 34. dxc5 Qxc5 35. Qe2 Re6 36. Qb2 Qe3 37. Rf2 Qh6 38. Rh2 Qf4 39. Rh3 d4 40. Qc2 Rc6 41. Qd3 Rc3 0-1

[Event "SVK-chT2D 10/11"]
[Site "Slovakia"]
[Date "2010.12.04"]
[Round "3.5"]
[White "Kaminsky, Ladislav"]
[Black "Tobias, Gyozo"]
[Result "1-0"]
[WhiteElo "1853"]
[BlackElo "1936"]
[PlyCount "80"]
[EventDate "2010.10.23"]
[EventType "team-tourn"]
[EventRounds "11"]
[EventCountry "SVK"]
[SourceTitle "EXT 2019"]
[Source "ChessBase"]
[SourceDate "2018.10.10"]
[SourceVersion "1"]
[SourceVersionDate "2018.10.10"]
[SourceQuality "1"]
[WhiteTeam "Sabinov II"]
[BlackTeam "Velke Kapusany"]
[WhiteTeamCountry "SVK"]
[BlackTeamCountry "SVK"]

1. Nf3 c5 2. b3 Nc6 3. Bb2 d5 4. e3 e6 5. Be2 Nf6 6. 0-0 Bd6 7. d4 cxd4 8. exd4 0-0 9. Nbd2 Bd7 10. c4 Rc8 11. Ne5 Qc7 12. Ndf3 Be8 13. a3 Nd7 14. Nxc6 Qxc6 15. Rc1 Bf4 16. cxd5 Qxc1 17. Bxc1 Rxc1 18. Qd3 exd5 19. Qf5 Rxf1+ 20. Kxf1 Bc1 21. Qxd5 Bxa3 22. Qxb7 a5 23. Bc4 Bb4 24. Ng5 Nf6 25. f3 Bc3 26. d5 Bb4 27. Ne4 Nd7 28. Qc7 h6 29. d6 Ne5 30. Nc5 g6 31. d7 Nxd7 32. Nxd7 Bxd7 33. Qxd7 Kg7 34. g4 Bc3 35. h4 Bf6 36. h5 Bd8 37. hxg6 Kxg6 38. Qf5+ Kg7 39. Bd3 Rh8 40. Qe5+ Kg8 1-0

[Event "SVK-chT2D 0910"]
[Site "Slovakia"]
[Date "2010.02.07"]
[Round "9.5"]
[White "Repka, Christopher"]
[Black "Tobias, Gyozo"]
[Result "0-1"]
[WhiteElo "1882"]
[BlackElo "1946"]
[PlyCount "102"]
[EventDate "2009.10.10"]
[EventType "team"]
[EventRounds "11"]
[EventCountry "SVK"]
[SourceTitle "EXT 2011"]
[Source "ChessBase"]
[SourceDate "2010.11.26"]
[SourceVersion "1"]
[SourceVersionDate "2010.11.26"]
[SourceQuality "1"]
[WhiteTeam "Kezmarok II"]
[BlackTeam "Velke Kapusany"]
[WhiteTeamCountry "SVK"]
[BlackTeamCountry "SVK"]

1. Nf3 c5 2. c4 Nc6 3. Nc3 g6 4. g3 Nf6 5. Bg2 Bg7 6. d4 cxd4 7. Nxd4 Qb6 8. Ndb5 0-0 9. 0-0 d6 10. Bg5 Be6 11. Bd5 Bxd5 12. cxd5 Ne5 13. Be3 Qa5 14. Bd4 Ned7 15. e4 a6 16. Na3 b5 17. Qe2 Qc7 18. Nc2 Rac8 19. Nb4 Nb8 20. a3 Qb7 21. Rac1 Rc4 22. Qd3 Rfc8 23. b3 R4c7 24. e5 Ne8 25. exd6 Nxd6 26. Bxg7 Kxg7 27. Rc2 a5 28. Nba2 b4 29. axb4 axb4 30. Qd4+ f6 31. Nxb4 Rxc3 32. Rxc3 Nb5 33. Rxc8 Nxd4 34. Rc4 Nf3+ 35. Kg2 Nd2 36. Rfc1 Nxc4 37. Rxc4 e6 38. Kf1 exd5 39. Rd4 Qb6 40. Rf4 Qc5 41. Nd3 Qc3 42. Rf3 Qxb3 43. Kg2 d4 44. Nf4 Qc4 45. Rd3 Nc6 46. h3 g5 47. Nh5+ Kg6 48. Rf3 f5 49. g4 Qd5 50. Kg3 f4+ 51. Kg2 Ne5 0-1

[Event "SVK-chT2D 0809"]
[Site "Slovakia"]
[Date "2009.03.01"]
[Round "11.2"]
[White "Tobias, Gyozo"]
[Black "Schwabik, Bruno"]
[Result "1/2-1/2"]
[WhiteElo "1962"]
[BlackElo "2038"]
[PlyCount "70"]
[EventDate "2008.10.11"]
[EventType "team-tourn"]
[EventRounds "11"]
[EventCountry "SVK"]
[SourceTitle "EXT 2010"]
[Source "ChessBase"]
[SourceDate "2010.11.25"]
[SourceVersion "1"]
[SourceVersionDate "2010.11.25"]
[SourceQuality "1"]
[WhiteTeam "Velke Kapusany Energetik"]
[BlackTeam "Spisska Nova Ves"]
[WhiteTeamCountry "SVK"]
[BlackTeamCountry "SVK"]

1. d4 d5 2. c4 e6 3. Nc3 Nf6 4. Bg5 Nbd7 5. e3 Be7 6. Nf3 0-0 7. Bd3 c6 8. 0-0 dxc4 9. Bxc4 b5 10. Be2 a6 11. Rc1 Bb7 12. Qb3 c5 13. dxc5 Nxc5 14. Qd1 Qb6 15. b4 Nce4 16. Nxe4 Bxe4 17. Qb3 Rac8 18. Qb2 Qb7 19. Rfd1 h6 20. Bh4 Rxc1 21. Rxc1 Rc8 22. Rxc8+ Qxc8 23. a3 g5 24. Bg3 Nd5 25. Be5 f6 26. Nd2 Bg6 27. e4 Bxe4 28. Nxe4 fxe5 29. h3 Qc7 30. Bg4 Kf7 31. Qb1 Nf6 32. Nxf6 Bxf6 33. Qh7+ Bg7 34. Bh5+ Kf8 35. Qg6 Qc1+ 1/2-1/2

[Event "SVK-chT2D 0809"]
[Site "Slovakia"]
[Date "2009.02.01"]
[Round "9.6"]
[White "Tropp, Lukas"]
[Black "Tobias, Gyozo"]
[Result "1/2-1/2"]
[WhiteElo "1923"]
[BlackElo "1962"]
[PlyCount "84"]
[EventDate "2008.10.11"]
[EventType "team-tourn"]
[EventRounds "11"]
[EventCountry "SVK"]
[SourceTitle "EXT 2010"]
[Source "ChessBase"]
[SourceDate "2010.11.25"]
[SourceVersion "1"]
[SourceVersionDate "2010.11.25"]
[SourceQuality "1"]
[WhiteTeam "Kezmarok KdV II"]
[BlackTeam "Velke Kapusany Energetik"]
[WhiteTeamCountry "SVK"]
[BlackTeamCountry "SVK"]

1. e4 c5 2. c3 Nc6 3. d4 cxd4 4. cxd4 d5 5. exd5 Qxd5 6. Nf3 e6 7. Be2 Nf6 8. 0-0 Be7 9. Be3 0-0 10. Nc3 Qd8 11. a3 b6 12. b4 Bb7 13. Qb3 Nd5 14. Rac1 Nxc3 15. Rxc3 Bd6 16. Rfc1 Rc8 17. Qa4 a5 18. Rxc6 Rxc6 19. Rxc6 Bxc6 20. Qxc6 axb4 21. axb4 Bxb4 22. g3 Qd6 23. Qe4 Qd5 24. Qg4 Be7 25. Ne5 b5 26. Bf3 Qd6 27. Bc6 f5 28. Qh5 Bf6 29. Bxb5 Bxe5 30. dxe5 Qxe5 31. Be2 Qd5 32. Bf3 Qd7 33. Bf4 Qf7 34. Qxf7+ Kxf7 35. Be5 Rc8 36. Bg2 Rc1+ 37. Bf1 Re1 38. f4 Rc1 39. Kf2 Rc2+ 40. Be2 Ra2 41. h3 h5 42. Bd6 g6 1/2-1/2

[Event "SVK-chT2D 0809"]
[Site "Slovakia"]
[Date "2008.10.11"]
[Round "1.3"]
[White "Zahradnik, Vladimir"]
[Black "Tobias, Gyozo"]
[Result "1/2-1/2"]
[WhiteElo "2017"]
[BlackElo "1962"]
[PlyCount "39"]
[EventDate "2008.10.11"]
[EventType "team-tourn"]
[EventRounds "11"]
[EventCountry "SVK"]
[SourceTitle "EXT 2010"]
[Source "ChessBase"]
[SourceDate "2010.11.25"]
[SourceVersion "1"]
[SourceVersionDate "2010.11.25"]
[SourceQuality "1"]
[WhiteTeam "Presov Prvy Sk"]
[BlackTeam "Velke Kapusany Energetik"]
[WhiteTeamCountry "SVK"]
[BlackTeamCountry "SVK"]

1. d4 d5 2. c4 e6 3. Nc3 Nf6 4. Bg5 Be7 5. e3 0-0 6. Nf3 b6 7. cxd5 Nxd5 8. Bxe7 Qxe7 9. e4 Nxc3 10. bxc3 Bb7 11. Bd3 c5 12. 0-0 Rd8 13. Re1 cxd4 14. cxd4 Nc6 15. e5 g6 16. Be4 Nb4 17. a3 Bxe4 18. Rxe4 Nd5 19. Qd2 f5 20. exf6 1/2-1/2